000 00780nam a2200229 i 4500
003 DO-SdBNP
005 20231122130059.0
006 a||||gr|||| 00| 0
007 ta
008 231122e1995 dr adb|| |||| 00| 0 spa d
040 _aDO-SdBNP
_bspa
_cBNPHU
_erda
082 4 _222
_bR426d
245 0 0 _aRepublic Dominican:
_bbusiness guide. /
264 1 _aSanto Domingo :
_bCentro de Investigación y Estudio de Derecho Empresarial, Inc.
_c1995
300 _a105 páginas :
_bIlustraciones, gráficas, mapas ;
_c21 cm.
336 _2rdacontent
_atexto
_btxt
337 _2rdamedia
_asin mediación
_bn
338 _2rdacarrier
_avolumen
_bnc
590 _aInventariado 2023 / MF
710 2 _aPrograma de Cooperación Empresarial Dominico-Alemán (PROCEDA)
_914590
942 _2ddc
_cLBS1
999 _c55560
_d55560